00313nam a2200121Ia 4500008004100000041000800041082001200049100002800061245001400089260004500103300003200148365001100180240624s9999 xx 000 0 und d aeng a828 RAM aRAMAMOHANARAO MAHIDHARA aSWARAJYAM c2012aNew DelhibOxford University Press axlii, : 358 : p. : cm. ; 22 cRSb32